The Inbestigators - Statistics

General Stats
  • This quiz has been taken 86 times
  • The average score is 6 of 10
Answer Stats
Hint Person % Correct
Girl who LOVES parties Ava
92%
Leader of the inbestigators Ezra
92%
Very HILARIOUS boy Kyle
92%
SUPER smart girl Maudie
88%
BFF of a girl who LOVES parties Pixie
67%
Principle Mr McGillick
65%
P.E. teacher Mrs Parides
38%
Intern of the inbestigaters Elijah
30%
Girl working at the frozen yogurt shop Sophie
28%
Girl who is maybe a real fortune teller Ramona
23%
No matching quizzes found
Score Distribution
Percent of People with Each Score
Percentile by Number Answered
Your Score History
You have not taken this quiz